000 00599nam a2200241 a 4500
001 0001-1313
003 ELIB.Books
008 150727 2010 eng
020 _a0316128120
035 _a(ELIB.Books)0001-1468
092 _a291.4
_bCar
100 _aCarlson, Richard
245 _aHandbook for the Soul
260 _aBoston
_bLittle, Brown and Company
_c1995
300 _a215
_c24 Cm
500 _aLibrary
650 _aReligious Life
856 _nKBTS: Library
_uKBTS: Elib
942 _2ddc
_cBK
990 _a1
998 _cbat
_e2015-07-27
999 _c11313
_d11313